L'art d'être malheureux, (Record no. 22569)

MARC details
000 -LEADER
fixed length control field 00567cam a22002051 4500
001 - CONTROL NUMBER
control field f 01001364
003 - CONTROL NUMBER IDENTIFIER
control field DLC
005 - DATE AND TIME OF LATEST TRANSACTION
control field 20260227111240.0
008 - FIXED-LENGTH DATA ELEMENTS--GENERAL INFORMATION
fixed length control field 790906s1876 fr 000 0 fre
010 ## - LIBRARY OF CONGRESS CONTROL NUMBER
LC control number f 01001364
035 ## - SYSTEM CONTROL NUMBER
System control number (OCoLC)5346508
040 ## - CATALOGING SOURCE
Original cataloging agency DLC
Transcribing agency NcRS
Modifying agency NcRS
-- DLC
042 ## - AUTHENTICATION CODE
Authentication code premarc
050 00 - LIBRARY OF CONGRESS CALL NUMBER
Classification number PQ2315
Item number .A7 1876
100 1# - MAIN ENTRY--PERSONAL NAME
Personal name Karr, Alphonse,
Dates associated with a name 1808-1890.
245 12 - TITLE STATEMENT
Title L'art d'être malheureux,
Statement of responsibility, etc. par Alphonse Karr.
260 ## - PUBLICATION, DISTRIBUTION, ETC.
Place of publication, distribution, etc. Paris,
Name of publisher, distributor, etc. Calmann Lévy,
Date of publication, distribution, etc. 1876.
300 ## - PHYSICAL DESCRIPTION
Extent 353 p.
Dimensions 18 cm.
490 0# - SERIES STATEMENT
Series statement Œuvres complètes d'Alphonse Karr.

No items available.

Powered by Koha